000 00419nam a22001697a 4500
003 MPLRDC
005 20220104125735.0
008 210129b ||||| |||| 00| 0 eng d
082 _a857.4578 DL
100 _a德龄女士
245 _a瀛台泣血记
_c秦瘦鸥译述
260 _a
_b香港文昌书店
_c
300 _b
490 _a清宫秘史之二
650 _a历史小说
942 _cBK
_o857.4578 DL
999 _c29764
_d29754